000 00605nam a22001937a 4500
005 20150916122503.0
010 _aENG-113879
020 _a9788125059073
_c170.00
035 _aEN-97411
037 _bDBAD/PUB
082 _a155
245 _aFoundations of human development :
_cedited by Asha Singh
_ba life span approach /
260 _aNew Delhi
_bOrient BlackSwan
_c2015
270 _a1/24, Asaf Ali Road,
_bNew Delhi
_e110002
300 _axii,160p. :
_c24cm(pbk)
_bill.
500 _aIncludes bibliographical references
700 _aSingh, Asha
942 _2ddc
_cEN
_mFOU
_h155
999 _c96329
_d96329